[Event "DEM U18w 2023"]
[Site "Willingen GER"]
[Date "2023.05.31"]
[Round "6"]
[White "Wagner, Margarethe"]
[Black "Gröschel, Karoline"]
[Result "1-0"]
[Termination "normal"]
[Board "2"]
[WhiteElo "1831"]
[BlackElo "1892"]
[WhiteClock "00:11:33"]
[BlackClock "00:08:13"]
[PlyCount "119"]
[WhiteFideId "16236947"]
[BlackFideId "34610537"]
[EventCountry "GER"]
[EventRounds "9"]
[EventType "swiss"]
[EventDate "2023.05.27"]

1. e4 {[%clk 01:30:59]} {[%emt 00:00:01]} c5 {[%clk 01:30:57]} {[%emt
00:00:04]} 2. Nf3 {[%clk 01:31:23]} {[%emt 00:00:06]} e6 {[%clk 01:31:24]}
{[%emt 00:00:03]} 3. d4 {[%clk 01:31:44]} {[%emt 00:00:08]} cxd4 {[%clk
01:31:51]} {[%emt 00:00:04]} 4. Nxd4 {[%clk 01:32:07]} {[%emt 00:00:06]} Nf6
{[%clk 01:32:19]} {[%emt 00:00:03]} 5. Bd3 {[%clk 01:29:43]} {[%emt 00:02:53]}
d6 {[%clk 01:29:15]} {[%emt 00:03:34]} 6. O-O {[%clk 01:25:51]} {[%emt
00:04:22]} a6 {[%clk 01:29:01]} {[%emt 00:00:45]} 7. c4 {[%clk 01:24:04]}
{[%emt 00:02:17]} Be7 {[%clk 01:27:56]} {[%emt 00:01:35]} 8. Nc3 {[%clk
01:23:19]} {[%emt 00:01:15]} Qc7 {[%clk 01:27:50]} {[%emt 00:00:36]} 9. Qe2
{[%clk 01:20:34]} {[%emt 00:03:15]} Nbd7 {[%clk 01:25:29]} {[%emt 00:02:51]}
10. Bd2 {[%clk 01:13:34]} {[%emt 00:07:30]} b6 {[%clk 01:21:09]} {[%emt
00:04:51]} 11. b3 {[%clk 01:11:28]} {[%emt 00:02:35]} Bb7 {[%clk 01:19:17]}
{[%emt 00:02:22]} 12. Rac1 {[%clk 01:06:50]} {[%emt 00:05:07]} O-O {[%clk
01:11:45]} {[%emt 00:08:03]} 13. Rfe1 {[%clk 01:05:19]} {[%emt 00:02:00]} Rfe8
{[%clk 01:02:15]} {[%emt 00:10:00]} 14. Kh1 {[%clk 00:57:05]} {[%emt 00:08:44]}
Nf8 {[%clk 00:49:17]} {[%emt 00:13:28]} 15. Bb1 {[%clk 00:52:49]} {[%emt
00:04:47]} Rac8 {[%clk 00:40:06]} {[%emt 00:09:41]} 16. f3 {[%clk 00:46:08]}
{[%emt 00:07:10]} Qb8 {[%clk 00:37:34]} {[%emt 00:03:02]} 17. Qf2 {[%clk
00:27:43]} {[%emt 00:18:55]} Bd8 {[%clk 00:35:47]} {[%emt 00:02:16]} 18. Nc2
{[%clk 00:23:14]} {[%emt 00:05:00]} Bc7 {[%clk 00:33:22]} {[%emt 00:02:56]} 19.
f4 {[%clk 00:18:29]} {[%emt 00:05:15]} N8d7 {[%clk 00:28:48]} {[%emt 00:05:04]}
20. Ne3 {[%clk 00:13:54]} {[%emt 00:05:05]} Nc5 {[%clk 00:27:38]} {[%emt
00:01:40]} 21. Nf1 {[%clk 00:14:11]} {[%emt 00:00:13]} Qa8 {[%clk 00:21:55]}
{[%emt 00:06:13]} 22. Ng3 {[%clk 00:14:35]} {[%emt 00:00:06]} Rcd8 {[%clk
00:20:07]} {[%emt 00:02:18]} 23. h3 {[%clk 00:12:48]} {[%emt 00:02:17]} Qb8
{[%clk 00:14:22]} {[%emt 00:06:15]} 24. Rcd1 {[%clk 00:12:45]} {[%emt
00:00:32]} Bc6 {[%clk 00:14:22]} {[%emt 00:00:31]} 25. Be3 {[%clk 00:11:19]}
{[%emt 00:01:56]} Qb7 {[%clk 00:12:54]} {[%emt 00:01:57]} 26. Bd4 {[%clk
00:10:58]} {[%emt 00:00:52]} e5 {[%clk 00:10:42]} {[%emt 00:02:42]} 27. fxe5
{[%clk 00:09:55]} {[%emt 00:01:33]} dxe5 {[%clk 00:11:06]} {[%emt 00:00:06]}
28. Bxc5 {[%clk 00:08:33]} {[%emt 00:01:52]} bxc5 {[%clk 00:11:11]} {[%emt
00:00:25]} 29. Rxd8 {[%clk 00:08:03]} {[%emt 00:01:01]} Bxd8 {[%clk 00:09:31]}
{[%emt 00:02:10]} 30. Nf5 {[%clk 00:06:50]} {[%emt 00:01:43]} Qb6 {[%clk
00:05:56]} {[%emt 00:04:06]} 31. Rd1 {[%clk 00:04:44]} {[%emt 00:02:36]} Bc7
{[%clk 00:05:45]} {[%emt 00:00:41]} 32. Qg3 {[%clk 00:04:26]} {[%emt 00:00:48]}
g6 {[%clk 00:04:30]} {[%emt 00:01:45]} 33. Ne3 {[%clk 00:03:48]} {[%emt
00:01:07]} Nh5 {[%clk 00:03:44]} {[%emt 00:01:16]} 34. Qf2 {[%clk 00:04:13]}
{[%emt 00:00:05]} Nf4 {[%clk 00:03:45]} {[%emt 00:00:29]} 35. Ned5 {[%clk
00:04:32]} {[%emt 00:00:11]} Bxd5 {[%clk 00:03:17]} {[%emt 00:00:57]} 36. exd5
{[%clk 00:04:01]} {[%emt 00:01:01]} Bd6 {[%clk 00:02:38]} {[%emt 00:01:09]} 37.
Ne4 {[%clk 00:04:15]} {[%emt 00:00:15]} f5 {[%clk 00:02:15]} {[%emt 00:00:53]}
38. Nf6+ {[%clk 00:04:22]} {[%emt 00:00:23]} Kf7 {[%clk 00:02:28]} {[%emt
00:00:17]} 39. Nxe8 {[%clk 00:03:26]} {[%emt 00:01:26]} Kxe8 {[%clk 00:02:54]}
{[%emt 00:00:05]} 40. Qh4 {[%clk 00:03:38]} {[%emt 00:00:17]} Qc7 {[%clk
00:01:44]} {[%emt 00:01:40]} 41. Qf6 {[%clk 00:30:15]} {[%emt 00:03:52]} a5
{[%clk 00:28:00]} {[%emt 00:04:15]} 42. g3 {[%clk 00:21:36]} {[%emt 00:09:09]}
Nh5 {[%clk 00:26:34]} {[%emt 00:01:55]} 43. Qe6+ {[%clk 00:21:56]} {[%emt
00:00:10]} Kf8 {[%clk 00:25:36]} {[%emt 00:01:28]} 44. g4 {[%clk 00:21:38]}
{[%emt 00:00:48]} Ng3+ {[%clk 00:25:14]} {[%emt 00:00:52]} 45. Kg2 {[%clk
00:22:03]} {[%emt 00:00:05]} f4 {[%clk 00:25:32]} {[%emt 00:00:11]} 46. h4
{[%clk 00:20:00]} {[%emt 00:02:34]} Qe7 {[%clk 00:23:54]} {[%emt 00:02:08]} 47.
Qc8+ {[%clk 00:14:30]} {[%emt 00:06:00]} Kg7 {[%clk 00:24:15]} {[%emt
00:00:10]} 48. g5 {[%clk 00:14:38]} {[%emt 00:00:22]} e4 {[%clk 00:23:33]}
{[%emt 00:01:11]} 49. Qe6 {[%clk 00:14:35]} {[%emt 00:00:34]} Qxe6 {[%clk
00:19:09]} {[%emt 00:04:54]} 50. dxe6 {[%clk 00:14:59]} {[%emt 00:00:06]} Be5
{[%clk 00:19:35]} {[%emt 00:00:04]} 51. Bxe4 {[%emt 00:04:58]} Nxe4 {[%clk
00:18:05]} {[%emt 00:01:59]} 52. Re1 {[%clk 00:10:57]} {[%emt 00:00:05]} f3+
{[%clk 00:18:31]} {[%emt 00:00:04]} 53. Kxf3 {[%clk 00:11:21]} {[%emt
00:00:05]} Bd6 {[%clk 00:12:51]} {[%emt 00:06:10]} 54. Kxe4 {[%clk 00:11:25]}
{[%emt 00:00:26]} Kf8 {[%clk 00:13:13]} {[%emt 00:00:08]} 55. Kd5 {[%clk
00:11:36]} {[%emt 00:00:19]} Bg3 {[%clk 00:07:08]} {[%emt 00:06:35]} 56. Rf1+
{[%clk 00:11:32]} {[%emt 00:00:33]} Ke8 {[%clk 00:07:19]} {[%emt 00:00:19]} 57.
Rf7 {[%clk 00:11:06]} {[%emt 00:00:56]} Bxh4 {[%clk 00:07:38]} {[%emt
00:00:12]} 58. Rxh7 {[%clk 00:11:16]} {[%emt 00:00:19]} Bxg5 {[%clk 00:08:00]}
{[%emt 00:00:07]} 59. Rg7 {[%clk 00:11:35]} {[%emt 00:00:11]} Be3 {[%clk
00:08:13]} {[%emt 00:00:18]} 60. Rxg6 {[%clk 00:11:33]} {[%emt 00:00:32]} *

[Event "DEM U18w 2023"]
[Site "Willingen GER"]
[Date "2023.05.31"]
[Round "6"]
[White "Reuter, Elisa"]
[Black "Kieckbusch, Lotta"]
[Result "1-0"]
[Termination "normal"]
[Board "6"]
[WhiteTitle "WCM"]
[WhiteElo "1944"]
[BlackElo "1308"]
[WhiteClock "00:42:03"]
[BlackClock "00:18:02"]
[PlyCount "72"]
[WhiteFideId "12995444"]
[BlackFideId "16214390"]
[EventCountry "GER"]
[EventRounds "9"]
[EventType "swiss"]
[EventDate "2023.05.27"]

1. e4 {[%clk 01:30:59]} d5 {[%clk 01:30:56]} {[%emt 00:00:04]} 2. exd5 {[%clk
01:31:25]} {[%emt 00:00:05]} Qxd5 {[%clk 01:31:21]} {[%emt 00:00:05]} 3. Nc3
{[%clk 01:31:50]} {[%emt 00:00:05]} Qd6 {[%clk 01:31:44]} {[%emt 00:00:06]} 4.
d4 {[%clk 01:32:09]} {[%emt 00:00:11]} g6 {[%clk 01:31:59]} {[%emt 00:00:15]}
5. Nf3 {[%clk 01:32:30]} {[%emt 00:00:10]} Bg7 {[%clk 01:32:06]} {[%emt
00:00:23]} 6. Nb5 {[%clk 01:30:52]} {[%emt 00:02:08]} Qd8 {[%clk 01:30:59]}
{[%emt 00:01:36]} 7. a4 {[%clk 01:30:31]} {[%emt 00:00:51]} a6 {[%clk
01:27:31]} {[%emt 00:03:58]} 8. Na3 {[%clk 01:30:22]} {[%emt 00:00:38]} a5
{[%clk 01:24:21]} {[%emt 00:03:41]} 9. c3 {[%clk 01:28:33]} {[%emt 00:02:19]}
Bg4 {[%clk 01:12:55]} {[%emt 00:11:56]} 10. h3 {[%clk 01:28:46]} {[%emt
00:00:18]} Bf5 {[%clk 01:08:43]} {[%emt 00:04:42]} 11. Nc4 {[%clk 01:21:15]}
{[%emt 00:08:01]} Nf6 {[%clk 01:06:42]} {[%emt 00:02:30]} 12. Nce5 {[%clk
01:15:50]} {[%emt 00:05:56]} Nd5 {[%clk 01:00:59]} {[%emt 00:06:12]} 13. Bc4
{[%clk 01:14:30]} {[%emt 00:01:50]} c6 {[%clk 00:54:47]} {[%emt 00:06:42]} 14.
Qb3 {[%clk 01:11:17]} {[%emt 00:03:43]} Qc8 {[%clk 00:42:16]} {[%emt 00:13:01]}
15. Bxd5 {[%clk 01:09:42]} {[%emt 00:02:06]} cxd5 {[%clk 00:42:32]} {[%emt
00:00:13]} 16. Qxd5 {[%clk 01:09:11]} {[%emt 00:01:01]} Be6 {[%clk 00:40:51]}
{[%emt 00:02:11]} 17. Qb5+ {[%clk 01:07:45]} {[%emt 00:01:56]} Nd7 {[%clk
00:40:03]} {[%emt 00:01:18]} 18. Ng5 {[%clk 01:05:20]} {[%emt 00:02:55]} Bxe5
{[%clk 00:36:36]} {[%emt 00:03:56]} 19. Nxe6 {[%clk 01:03:23]} {[%emt
00:02:28]} Bf6 {[%clk 00:32:16]} {[%emt 00:04:50]} 20. Nc5 {[%clk 01:03:14]}
{[%emt 00:00:39]} b6 {[%clk 00:32:16]} {[%emt 00:00:30]} 21. Nxd7 {[%clk
01:02:06]} {[%emt 00:01:38]} Qxd7 {[%clk 00:32:11]} {[%emt 00:00:34]} 22. Qxd7+
{[%clk 00:59:49]} {[%emt 00:02:48]} Kxd7 {[%clk 00:32:30]} {[%emt 00:00:11]}
23. Be3 {[%clk 00:58:13]} {[%emt 00:02:06]} Rac8 {[%clk 00:30:03]} {[%emt
00:02:57]} 24. Kd2 {[%clk 00:55:19]} {[%emt 00:03:24]} Rhd8 {[%clk 00:29:40]}
{[%emt 00:00:53]} 25. Ke2 {[%clk 00:51:51]} {[%emt 00:03:58]} Kc6 {[%clk
00:27:30]} {[%emt 00:02:40]} 26. Rhd1 {[%clk 00:48:53]} {[%emt 00:03:28]} Kb7
{[%clk 00:27:25]} {[%emt 00:00:37]} 27. Rac1 {[%clk 00:48:21]} {[%emt
00:01:00]} e6 {[%clk 00:26:55]} {[%emt 00:01:00]} 28. b3 {[%clk 00:46:40]}
{[%emt 00:02:11]} Bg7 {[%clk 00:23:16]} {[%emt 00:04:08]} 29. c4 {[%clk
00:45:01]} {[%emt 00:02:10]} Bf8 {[%clk 00:22:06]} {[%emt 00:01:39]} 30. d5
{[%clk 00:41:10]} {[%emt 00:04:23]} Ba3 {[%clk 00:17:28]} {[%emt 00:05:07]} 31.
Ra1 {[%clk 00:41:24]} {[%emt 00:00:16]} Bb4 {[%clk 00:17:44]} {[%emt 00:00:14]}
32. dxe6 {[%clk 00:41:32]} {[%emt 00:00:22]} fxe6 {[%clk 00:17:44]} {[%emt
00:00:30]} 33. Rxd8 {[%clk 00:41:31]} {[%emt 00:00:31]} Rxd8 {[%clk 00:18:08]}
{[%emt 00:00:06]} 34. Rd1 {[%clk 00:41:42]} {[%emt 00:00:20]} Re8 {[%clk
00:18:01]} {[%emt 00:00:36]} 35. Rd7+ {[%clk 00:41:57]} {[%emt 00:00:16]} Kc6
{[%clk 00:18:02]} {[%emt 00:00:28]} 36. Rxh7 {[%clk 00:42:03]} {[%emt
00:00:24]} Kd5 {[%emt 00:00:40]} 1-0

[Event "DEM U18w 2023"]
[Site "Willingen GER"]
[Date "2023.05.31"]
[Round "6"]
[White "Zöllner, Bente"]
[Black "Petersen, Sophie"]
[Result "0-1"]
[Termination "normal"]
[Board "8"]
[WhiteElo "1700"]
[BlackElo "1763"]
[WhiteClock "00:34:16"]
[BlackClock "00:14:30"]
[PlyCount "64"]
[WhiteFideId "16230523"]
[BlackFideId "16229380"]
[EventCountry "GER"]
[EventRounds "9"]
[EventType "swiss"]
[EventDate "2023.05.27"]

1. d4 {[%clk 01:30:58]} {[%emt 00:00:01]} d5 {[%clk 01:30:56]} {[%emt
00:00:05]} 2. Nf3 {[%clk 01:31:16]} {[%emt 00:00:12]} e6 {[%clk 01:31:12]}
{[%emt 00:00:14]} 3. c4 {[%clk 01:31:36]} {[%emt 00:00:10]} a6 {[%clk
01:31:14]} {[%emt 00:00:29]} 4. cxd5 {[%clk 01:31:46]} {[%emt 00:00:19]} exd5
{[%clk 01:31:33]} {[%emt 00:00:11]} 5. Nc3 {[%clk 01:31:58]} {[%emt 00:00:17]}
Nf6 {[%clk 01:31:18]} {[%emt 00:00:45]} 6. Bg5 {[%clk 01:32:11]} {[%emt
00:00:17]} Be7 {[%clk 01:29:13]} {[%emt 00:02:34]} 7. e3 {[%clk 01:32:00]}
{[%emt 00:00:42]} Nbd7 {[%clk 01:27:23]} {[%emt 00:02:21]} 8. Bd3 {[%clk
01:31:54]} {[%emt 00:00:34]} O-O {[%clk 01:26:58]} {[%emt 00:00:55]} 9. O-O
{[%clk 01:31:47]} {[%emt 00:00:37]} Re8 {[%clk 01:24:10]} {[%emt 00:03:19]} 10.
Qc2 {[%clk 01:30:37]} {[%emt 00:01:40]} c6 {[%clk 01:21:31]} {[%emt 00:03:09]}
11. a4 {[%clk 01:28:58]} {[%emt 00:02:09]} Nf8 {[%clk 01:17:17]} {[%emt
00:04:43]} 12. Nd2 {[%clk 01:25:23]} {[%emt 00:04:06]} Be6 {[%clk 01:11:06]}
{[%emt 00:06:40]} 13. f3 {[%clk 01:22:02]} {[%emt 00:03:51]} Rc8 {[%clk
01:10:04]} {[%emt 00:01:33]} 14. Rab1 {[%clk 01:16:30]} {[%emt 00:06:03]} c5
{[%clk 01:07:13]} {[%emt 00:03:21]} 15. dxc5 {[%clk 01:15:53]} {[%emt
00:01:07]} Bxc5 {[%clk 01:07:19]} {[%emt 00:00:24]} 16. Nb3 {[%clk 01:11:37]}
{[%emt 00:04:46]} Ba7 {[%clk 01:04:34]} {[%emt 00:03:14]} 17. Nd4 {[%clk
01:10:21]} {[%emt 00:01:46]} h6 {[%clk 00:57:52]} {[%emt 00:07:13]} 18. Bh4
{[%clk 01:08:33]} {[%emt 00:02:17]} N8d7 {[%clk 00:53:52]} {[%emt 00:04:29]}
19. Qd2 {[%clk 01:04:57]} {[%emt 00:04:06]} Ne5 {[%clk 00:49:32]} {[%emt
00:04:51]} 20. Bc2 {[%clk 01:00:27]} {[%emt 00:05:01]} Nc4 {[%clk 00:42:47]}
{[%emt 00:07:14]} 21. Qd3 {[%clk 00:58:32]} {[%emt 00:02:24]} Nxe3 {[%clk
00:30:08]} {[%emt 00:13:10]} 22. Qxe3 {[%clk 00:49:04]} {[%emt 00:09:59]} Bf5
{[%clk 00:28:40]} {[%emt 00:01:57]} 23. Qd2 {[%clk 00:47:30]} {[%emt 00:02:04]}
Bxc2 {[%clk 00:27:42]} {[%emt 00:01:28]} 24. Qxc2 {[%clk 00:47:18]} {[%emt
00:00:42]} Bxd4+ {[%clk 00:27:50]} {[%emt 00:00:21]} 25. Kh1 {[%clk 00:47:12]}
{[%emt 00:00:37]} Qa5 {[%clk 00:22:43]} {[%emt 00:05:36]} 26. Rfc1 {[%clk
00:44:52]} {[%emt 00:02:51]} Be3 {[%clk 00:21:12]} {[%emt 00:02:01]} 27. b4
{[%clk 00:40:46]} {[%emt 00:04:37]} Qc7 {[%clk 00:18:53]} {[%emt 00:02:49]} 28.
Bxf6 {[%clk 00:37:56]} {[%emt 00:03:19]} Bxc1 {[%clk 00:18:18]} {[%emt
00:01:05]} 29. Rxc1 {[%clk 00:37:56]} {[%emt 00:00:30]} gxf6 {[%clk 00:18:31]}
{[%emt 00:00:17]} 30. Qd2 {[%clk 00:37:41]} {[%emt 00:00:43]} Qe5 {[%clk
00:16:48]} {[%emt 00:02:15]} 31. h3 {[%clk 00:37:14]} {[%emt 00:00:57]} Rc4
{[%clk 00:15:04]} {[%emt 00:02:13]} 32. f4 {[%clk 00:34:16]} {[%emt 00:03:29]}
Qe3 {[%clk 00:14:30]} {[%emt 00:01:03]} 0-1

[Event "DEM U18w 2023"]
[Site "Willingen GER"]
[Date "2023.05.31"]
[Round "6"]
[White "Derling, Charlotte"]
[Black "Glowiak, Alexandra"]
[Result "1-0"]
[Termination "normal"]
[Board "9"]
[WhiteElo "1664"]
[BlackElo "1660"]
[WhiteClock "00:01:42"]
[BlackClock "00:09:37"]
[PlyCount "102"]
[WhiteFideId "16222237"]
[BlackFideId "16259530"]
[EventCountry "GER"]
[EventRounds "9"]
[EventType "swiss"]
[EventDate "2023.05.27"]

1. e4 {[%clk 01:30:58]} {[%emt 00:00:02]} e5 {[%clk 01:30:55]} {[%emt
00:00:05]} 2. Nf3 {[%clk 01:31:21]} {[%emt 00:00:06]} Nc6 {[%clk 01:31:21]}
{[%emt 00:00:05]} 3. Bc4 {[%clk 01:31:43]} {[%emt 00:00:08]} Bc5 {[%clk
01:31:45]} {[%emt 00:00:06]} 4. c3 {[%clk 01:31:59]} {[%emt 00:00:13]} Nf6
{[%clk 01:32:03]} {[%emt 00:00:12]} 5. d4 {[%clk 01:31:48]} {[%emt 00:00:42]}
exd4 {[%clk 01:32:25]} {[%emt 00:00:08]} 6. e5 {[%clk 01:31:47]} {[%emt
00:00:30]} d5 {[%clk 01:26:56]} {[%emt 00:05:59]} 7. Bb5 {[%clk 01:31:31]}
{[%emt 00:00:46]} Ne4 {[%clk 01:26:21]} {[%emt 00:01:06]} 8. cxd4 {[%clk
01:31:32]} {[%emt 00:00:29]} Bb4+ {[%clk 01:24:58]} {[%emt 00:01:53]} 9. Bd2
{[%clk 01:30:48]} {[%emt 00:01:13]} Nxd2 {[%clk 01:23:37]} {[%emt 00:01:52]}
10. Nbxd2 {[%clk 01:30:56]} {[%emt 00:00:22]} Bd7 {[%clk 01:21:40]} {[%emt
00:02:27]} 11. O-O {[%clk 01:28:45]} {[%emt 00:02:39]} O-O {[%clk 01:14:51]}
{[%emt 00:07:20]} 12. Bxc6 {[%clk 01:15:35]} {[%emt 00:13:41]} Bxc6 {[%clk
01:09:13]} {[%emt 00:06:08]} 13. a3 {[%clk 01:12:21]} {[%emt 00:03:44]} Be7
{[%clk 01:03:15]} {[%emt 00:06:27]} 14. Rc1 {[%clk 01:10:08]} {[%emt 00:02:42]}
Bb5 {[%clk 00:52:19]} {[%emt 00:11:27]} 15. Re1 {[%clk 01:08:58]} {[%emt
00:01:39]} b6 {[%clk 00:51:02]} {[%emt 00:01:49]} 16. Qb3 {[%clk 00:57:48]}
{[%emt 00:11:40]} Ba6 {[%clk 00:50:36]} {[%emt 00:00:56]} 17. Qa4 {[%clk
00:55:32]} {[%emt 00:02:46]} Bb7 {[%clk 00:35:15]} {[%emt 00:15:51]} 18. b4
{[%clk 00:53:08]} {[%emt 00:02:54]} c6 {[%clk 00:33:56]} {[%emt 00:01:48]} 19.
Rc3 {[%clk 00:37:47]} {[%emt 00:15:51]} Qd7 {[%clk 00:32:45]} {[%emt 00:01:40]}
20. Qc2 {[%clk 00:30:45]} {[%emt 00:07:32]} a5 {[%clk 00:23:37]} {[%emt
00:09:40]} 21. e6 {[%clk 00:18:51]} {[%emt 00:12:23]} fxe6 {[%clk 00:16:54]}
{[%emt 00:07:13]} 22. Ne5 {[%clk 00:18:32]} {[%emt 00:00:48]} Qd6 {[%clk
00:16:05]} {[%emt 00:01:20]} 23. Rh3 {[%clk 00:13:50]} {[%emt 00:05:12]} h6
{[%clk 00:16:16]} {[%emt 00:00:20]} 24. Rxh6 {[%clk 00:10:27]} {[%emt
00:03:52]} Rf5 {[%clk 00:16:09]} {[%emt 00:00:37]} 25. g4 {[%clk 00:08:37]}
{[%emt 00:02:20]} gxh6 {[%clk 00:14:55]} {[%emt 00:01:44]} 26. gxf5 {[%clk
00:08:54]} {[%emt 00:00:14]} exf5 {[%clk 00:13:32]} {[%emt 00:01:52]} 27. Qxf5
{[%clk 00:07:20]} {[%emt 00:02:04]} Qf6 {[%clk 00:10:29]} {[%emt 00:03:32]} 28.
Qd7 {[%clk 00:04:44]} {[%emt 00:03:07]} Bc8 {[%clk 00:04:13]} {[%emt 00:06:46]}
29. Qe8+ {[%clk 00:05:02]} {[%emt 00:00:12]} Qf8 {[%clk 00:03:06]} {[%emt
00:01:36]} 30. Qxc6 {[%clk 00:03:52]} {[%emt 00:01:41]} Bf5 {[%clk 00:01:31]}
{[%emt 00:02:05]} 31. Qxd5+ {[%clk 00:03:06]} {[%emt 00:01:16]} Kh7 {[%clk
00:01:42]} {[%emt 00:00:18]} 32. Kh1 {[%clk 00:02:32]} {[%emt 00:01:04]} Rd8
{[%clk 00:01:09]} {[%emt 00:01:04]} 33. Qc4 {[%clk 00:02:17]} {[%emt 00:00:44]}
Bc8 {[%clk 00:00:38]} {[%emt 00:01:02]} 34. Qd3+ {[%clk 00:01:35]} {[%emt
00:01:13]} Bf5 {[%clk 00:00:58]} {[%emt 00:00:10]} 35. Qc4 {[%clk 00:01:39]}
{[%emt 00:00:25]} Bc8 {[%clk 00:01:17]} {[%emt 00:00:11]} 36. Qc6 {[%clk
00:01:37]} {[%emt 00:00:32]} Rd6 {[%clk 00:01:16]} {[%emt 00:00:30]} 37. Qc2+
{[%clk 00:01:13]} {[%emt 00:00:55]} Bf5 {[%clk 00:01:29]} {[%emt 00:00:17]} 38.
Qc4 {[%clk 00:01:14]} {[%emt 00:00:29]} Qa8+ {[%clk 00:01:03]} {[%emt
00:00:56]} 39. f3 {[%clk 00:01:23]} {[%emt 00:00:21]} Qf8 {[%clk 00:01:02]}
{[%emt 00:00:31]} 40. Rg1 {[%clk 00:01:12]} {[%emt 00:00:41]} Bg5 {[%clk
00:00:52]} {[%emt 00:00:38]} 41. Ne4 {[%clk 00:25:29]} {[%emt 00:06:15]} Bxe4
{[%clk 00:29:29]} {[%emt 00:01:53]} 42. fxe4 {[%clk 00:24:43]} {[%emt
00:01:15]} Qe7 {[%clk 00:25:47]} {[%emt 00:04:12]} 43. Rf1 {[%clk 00:21:38]}
{[%emt 00:03:35]} Rf6 {[%clk 00:23:25]} {[%emt 00:02:53]} 44. Rxf6 {[%clk
00:17:42]} {[%emt 00:04:26]} Bxf6 {[%clk 00:21:05]} {[%emt 00:02:49]} 45. Qb5
{[%clk 00:10:53]} {[%emt 00:07:19]} Qc7 {[%clk 00:18:30]} {[%emt 00:03:06]} 46.
Nc6 {[%clk 00:04:48]} {[%emt 00:06:34]} axb4 {[%clk 00:15:34]} {[%emt
00:03:28]} 47. axb4 {[%clk 00:04:55]} {[%emt 00:00:23]} Kg7 {[%clk 00:13:22]}
{[%emt 00:02:40]} 48. e5 {[%clk 00:03:34]} {[%emt 00:01:51]} Bg5 {[%clk
00:13:09]} {[%emt 00:00:43]} 49. d5 {[%clk 00:03:24]} {[%emt 00:00:40]} Qf7
{[%clk 00:12:35]} {[%emt 00:01:05]} 50. Qd3 {[%clk 00:03:04]} {[%emt 00:00:50]}
Qf2 {[%clk 00:10:58]} {[%emt 00:02:06]} 51. Qd1 {[%clk 00:01:42]} {[%emt
00:01:52]} Bf4 {[%clk 00:09:37]} {[%emt 00:01:51]} *